000 00956nam a2200277Ia 4500
003 OSt
005 20220923213028.0
006 a|||||r|||| 00| 0
007 ta
008 220922b |||||||| |||| 00| 0 hin d
024 _a158,433
037 _cTextual
040 _aARTS
_cARTS
_bhin
041 _2hin
_ahin
082 _aO152,1:g, K5
100 _aजैन, राज कुमार, संपा.
245 0 _aअध्यात्म पदावली
246 _aAdhyātma padāvalī
250 _aसंस्क 3
260 _aनई दिल्ली
_b भारतीय ज्ञानपीठ
_c1965
300 _a368पृ.
_ccm.
490 _aज्ञानपीठ लोकोदय गं्रथमाला; 33
650 _aहिन्दी साहित्य
_9156264
942 _hO152,1:g, K5
_cTEXL
_2CC
999 _c313232
_d313232